| 000 | 00494nam a2200181Ia 4500 | ||
|---|---|---|---|
| 003 | GCL | ||
| 008 | 140319s9999 xx 000 0 ara d | ||
| 040 |
_aGCL / _cGCL |
||
| 082 | 0 | 4 |
_a964 _bا م |
| 100 | 1 | _aامين الريحانى | |
| 245 | 1 | 0 |
_aالمغرب الاقصى ونور الاندلس / _cامين الريحانى |
| 300 | _a679 ص | ||
| 490 | _a | ||
| 650 | 0 | 4 | _aالعصر الحديث |
| 650 | 0 | 4 | _aالسياحة |
| 650 | 0 | 4 | _aالمغرب العربى |
| 942 |
_2ddc _cBK |
||
| 999 |
_c40738 _d40738 |
||